000 00477nam a2200181Ia 4500
005 20250923144509.0
008 008 250917s9999 xx 000 0 eng d
037 _aTextual
040 _aDSWL
_beng
_cDSWL
041 _aeng
_2eng
084 _qDSWL
100 _aFainsod, Merle
_9825471
245 0 _aHow Russia is ruled
_cby Merle Fainsod
260 _aUSA
_bMassachusetts
_c1954
300 _axiv,575p.
942 _cTEXL
999 _c1439646
_d1439646